[Event "Chess.com Rapid Wk20 Swiss"]
[Site "Chess.com INT"]
[Date "2022.07.09"]
[Round "5"]
[White "Jumabayev, Rinat"]
[Black "Hansen, Eric"]
[Result "1-0"]
[WhiteElo "2617"]
[BlackElo "2606"]
[PlyCount "105"]
[GameId "1801302053298176"]
[EventDate "2022.07.09"]
[EventType "swiss (rapid)"]
[EventRounds "9"]
[EventCountry "USA"]
[SourceTitle "CBM 209 Extra"]
[Source "ChessBase"]
[SourceDate "2022.09.30"]
[SourceVersion "1"]
[SourceVersionDate "2022.09.30"]
[SourceQuality "1"]

1. d4 Nf6 2. c4 e6 3. Nf3 d5 4. g3 Bb4+ 5. Bd2 Be7 6. Bg2 O-O 7. O-O Nbd7 8. Qc2 c6 9. Bf4 Nh5 10. Bc1 b6 11. Rd1 Ba6 12. Ne5 Rc8 13. Nc3 Nhf6 14. Qa4 Bxc4 15. Nxc6 b5 16. Qxc4 bxc4 17. Nxd8 Rfxd8 18. Bf4 Nh5 19. Bd2 f5 20. b3 cxb3 21. axb3 Rb8 22. Rxa7 Nhf6 23. Rb1 Rb4 24. Ra4 Rb7 25. Bf4 Bb4 26. Na2 Bf8 27. Bf3 Ne4 28. Ra6 Kf7 29. Rc6 Ra8 30. Nc1 Ra3 31. h4 Nb8 32. Rc8 Nd7 33. Kg2 Nd6 34. Rc6 Nb5 35. e3 Na7 36. Rc2 Be7 37. Be2 Nb5 38. Nd3 Raa7 39. Rc6 Ra2 40. Bf3 Na3 41. Rd1 Rxb3 42. Nc1 Rbb2 43. Nxa2 Rxa2 44. Rc7 Ke8 45. Ra7 Rc2 46. Ra1 Rc3 47. Ra2 Rb3 48. Be2 Nf6 49. Bd1 Rc3 50. Rb2 Rc8 51. Rbb7 Ng8 52. Ba4+ Kf8 53. Bd6 1-0

[Event "Chess.com Rapid Wk20 Swiss"]
[Site "Chess.com INT"]
[Date "2022.07.09"]
[Round "6"]
[White "Hansen, Eric"]
[Black "Matinian, Nikita"]
[Result "1/2-1/2"]
[WhiteElo "2606"]
[BlackElo "2435"]
[PlyCount "105"]
[GameId "1801302053388288"]
[EventDate "2022.07.09"]
[EventType "swiss (rapid)"]
[EventRounds "9"]
[EventCountry "USA"]
[SourceTitle "CBM 209 Extra"]
[Source "ChessBase"]
[SourceDate "2022.09.30"]
[SourceVersion "1"]
[SourceVersionDate "2022.09.30"]
[SourceQuality "1"]

1. e4 e5 2. Nf3 Nc6 3. Bb5 a6 4. Ba4 Nf6 5. d3 b5 6. Bb3 Bc5 7. a4 Rb8 8. axb5 axb5 9. Be3 Bxe3 10. fxe3 d6 11. O-O Be6 12. Nbd2 Bxb3 13. Nxb3 O-O 14. Qe1 Kh8 15. Nh4 Ng8 16. Qg3 g6 17. Rf2 Qe7 18. Raf1 Nd8 19. Nd2 Ne6 20. Qh3 Ng5 21. Qg4 f6 22. h3 Ra8 23. Ndf3 Nxf3+ 24. Nxf3 f5 25. exf5 gxf5 26. Qh4 Qxh4 27. Nxh4 Ne7 28. g4 Ra2 29. Rb1 f4 30. exf4 Rxf4 31. Rxf4 exf4 32. Kf2 Nc6 33. Ke2 Nd4+ 34. Kd2 b4 35. Ng2 f3 36. Ne3 Kg7 37. Ke1 b3 38. cxb3 Nxb3 39. Kf2 Nd4 40. Kg3 c5 41. Nc4 Ra6 42. Nd2 Kf6 43. Nxf3 Nxf3 44. Kxf3 Ke5 45. b4 Rb6 46. b5 Kd4 47. Ke2 d5 48. g5 c4 49. dxc4 dxc4 50. Kd2 h6 51. gxh6 Rxh6 52. b6 Rxh3 53. Rg1 1/2-1/2

[Event "Titled Tuesday intern op 12th Jul Early"]
[Site "Chess.com INT"]
[Date "2022.07.12"]
[Round "4"]
[White "Pranesh, Munirethinam"]
[Black "Hansen, Eric"]
[Result "0-1"]
[WhiteElo "2404"]
[BlackElo "2606"]
[PlyCount "72"]
[GameId "1803873814609920"]
[EventDate "2022.07.12"]
[EventType "swiss (blitz)"]
[EventRounds "11"]
[EventCountry "USA"]
[SourceTitle "EXT 2023"]
[Source "ChessBase"]
[SourceDate "2022.10.05"]
[SourceVersion "1"]
[SourceVersionDate "2022.10.05"]
[SourceQuality "1"]

1. e4 c5 2. Nf3 e6 3. d4 cxd4 4. Nxd4 a6 5. Bd3 Bc5 6. Nb3 Be7 7. c4 d6 8. Nc3 Nd7 9. O-O b6 10. f4 Bb7 11. Qe2 Rc8 12. Bd2 Ngf6 13. Rae1 O-O 14. Kh1 g6 15. f5 Ne5 16. Nd4 Qd7 17. Bh6 Rfe8 18. Bg5 Nxe4 19. Nxe4 Bxe4 20. Qxe4 Bxg5 21. f6 Qd8 22. Be2 Bxf6 23. Qb7 Bg7 24. Qxa6 Ra8 25. Qb7 Re7 26. Qe4 Rxa2 27. b4 Qa8 28. Qh4 Rea7 29. Nb5 Rd7 30. Qd4 Qc6 31. Qf4 h5 32. h3 Nd3 33. Bf3 Qxb5 34. Qe4 Qf5 35. Qc6 Nxe1 36. Be2 Qg5 0-1

[Event "Titled Tuesday intern op 12th Jul Early"]
[Site "Chess.com INT"]
[Date "2022.07.12"]
[Round "7"]
[White "Mgeladze, Tamaz"]
[Black "Hansen, Eric"]
[Result "0-1"]
[WhiteElo "2388"]
[BlackElo "2606"]
[PlyCount "64"]
[GameId "1803873816297472"]
[EventDate "2022.07.12"]
[EventType "swiss (blitz)"]
[EventRounds "11"]
[EventCountry "USA"]
[SourceTitle "EXT 2023"]
[Source "ChessBase"]
[SourceDate "2022.10.05"]
[SourceVersion "1"]
[SourceVersionDate "2022.10.05"]
[SourceQuality "1"]

1. c4 e5 2. g3 h5 3. Nf3 e4 4. Nh4 g5 5. Ng2 h4 6. gxh4 gxh4 7. Nc3 f5 8. d3 Bb4 9. dxe4 fxe4 10. Qd4 Nf6 11. Bg5 Rf8 12. O-O-O Nc6 13. Bxf6 Rxf6 14. Qxe4+ Kf8 15. Nd5 Rxf2 16. Nxh4 Qg5+ 17. Kb1 d6 18. Nf3 Qf5 19. Qc2 Ba5 20. Ne3 Qf4 21. Nd5 Qf5 22. h4 Qxc2+ 23. Kxc2 Bf5+ 24. Kc1 Re8 25. h5 Re4 26. b3 Nb4 27. Nc3 Re3 28. Kb2 Rexf3 29. h6 Bh7 30. a3 Nd3+ 31. Kc2 Ne5+ 32. Kb2 Bxc3+ 0-1

[Event "Titled Tuesday intern op 12th Jul Early"]
[Site "Chess.com INT"]
[Date "2022.07.12"]
[Round "9"]
[White "Tristan, Leonardo"]
[Black "Hansen, Eric"]
[Result "0-1"]
[WhiteElo "2558"]
[BlackElo "2606"]
[PlyCount "104"]
[GameId "1803873817444352"]
[EventDate "2022.07.12"]
[EventType "swiss (blitz)"]
[EventRounds "11"]
[EventCountry "USA"]
[SourceTitle "EXT 2023"]
[Source "ChessBase"]
[SourceDate "2022.10.05"]
[SourceVersion "1"]
[SourceVersionDate "2022.10.05"]
[SourceQuality "1"]

1. d4 Nf6 2. Nf3 g6 3. Bf4 Bg7 4. e3 c5 5. c3 Qb6 6. Qb3 d6 7. h3 Be6 8. Qxb6 axb6 9. a3 Nc6 10. Nbd2 h6 11. Be2 cxd4 12. exd4 Nd5 13. Bg3 Nc7 14. O-O b5 15. Rfe1 Bd5 16. Nh2 O-O 17. Nhf1 f5 18. Bh2 Na5 19. Ne3 Bf7 20. Nc2 Rfe8 21. f4 Nc4 22. Nxc4 Bxc4 23. Bf3 Bd5 24. Kf2 Kf7 25. Nb4 Bxf3 26. Kxf3 e6 27. g4 Bf6 28. Rad1 Rad8 29. Bg3 Na8 30. Nc2 Nb6 31. Ne3 d5 32. Ng2 Nc4 33. Re2 Nd6 34. Bh4 g5 35. fxg5 hxg5 36. Bg3 Ne4 37. Be5 Rh8 38. Rh1 Bxe5 39. dxe5 fxg4+ 40. Kxg4 Kg6 41. Rf1 Ra8 42. Rxe4 dxe4 43. Rf6+ Kg7 44. Ne3 Rh4+ 45. Kxg5 Rxh3 46. Ng4 e3 47. Rg6+ Kh8 48. Nh6 Rg3+ 49. Kf6 Rxg6+ 50. Kxg6 e2 51. Nf7+ Kg8 52. Nh6+ Kf8 0-1

[Event "Titled Tuesday intern op 12th Jul Late"]
[Site "Chess.com INT"]
[Date "2022.07.12"]
[Round "2"]
[White "Hansen, Eric"]
[Black "Silva, Miguel Antonio Neto"]
[Result "1-0"]
[WhiteElo "2606"]
[BlackElo "2207"]
[PlyCount "53"]
[GameId "1803873819070464"]
[EventDate "2022.07.12"]
[EventType "swiss (blitz)"]
[EventRounds "11"]
[EventCountry "USA"]
[SourceTitle "EXT 2023"]
[Source "ChessBase"]
[SourceDate "2022.10.05"]
[SourceVersion "1"]
[SourceVersionDate "2022.10.05"]
[SourceQuality "1"]

1. e4 c5 2. Nf3 d6 3. d4 cxd4 4. Nxd4 Nf6 5. Nc3 a6 6. h3 e5 7. Nb3 Be6 8. g4 Be7 9. g5 Nfd7 10. h4 Nc6 11. Nd5 Bxd5 12. exd5 Na5 13. Bd2 Nxb3 14. axb3 Rc8 15. Rg1 Nc5 16. Be3 g6 17. h5 O-O 18. Qg4 Qd7 19. Qh4 Qf5 20. b4 Qxc2 21. bxc5 Qxb2 22. Rd1 dxc5 23. d6 Bd8 24. Bc4 Qb4+ 25. Bd2 Qa3 26. hxg6 hxg6 27. Rh1 1-0

[Event "Titled Tuesday intern op 12th Jul Late"]
[Site "Chess.com INT"]
[Date "2022.07.12"]
[Round "3"]
[White "Arngrimsson, Dagur"]
[Black "Hansen, Eric"]
[Result "0-1"]
[WhiteElo "2377"]
[BlackElo "2606"]
[PlyCount "71"]
[GameId "1803873819660288"]
[EventDate "2022.07.12"]
[EventType "swiss (blitz)"]
[EventRounds "11"]
[EventCountry "USA"]
[SourceTitle "EXT 2023"]
[Source "ChessBase"]
[SourceDate "2022.10.05"]
[SourceVersion "1"]
[SourceVersionDate "2022.10.05"]
[SourceQuality "1"]

1. d4 Nf6 2. c4 e6 3. Nf3 c5 4. d5 exd5 5. cxd5 d6 6. g3 g6 7. Bg2 Bg7 8. O-O O-O 9. Nc3 Re8 10. Bf4 a6 11. a4 Nh5 12. Bg5 Qb6 13. Ra2 h6 14. Bc1 Nd7 15. Nd2 Ne5 16. a5 Qc7 17. h3 f5 18. Kh2 Bd7 19. f4 Nf7 20. e4 Nf6 21. Qc2 h5 22. Nc4 fxe4 23. Nb6 Bf5 24. Nxa8 Rxa8 25. Be3 Re8 26. Re1 Nh6 27. Bf1 Kh7 28. Qd2 Qf7 29. Rd1 h4 30. g4 Bxg4 31. hxg4 Nfxg4+ 32. Kg1 Nf5 33. Re1 Nfxe3 34. Bh3 Qxf4 35. Qe2 Qg3+ 36. Bg2 0-1

[Event "Titled Tuesday intern op 12th Jul Late"]
[Site "Chess.com INT"]
[Date "2022.07.12"]
[Round "5"]
[White "Bazeev, German"]
[Black "Hansen, Eric"]
[Result "1/2-1/2"]
[WhiteElo "2385"]
[BlackElo "2606"]
[PlyCount "195"]
[GameId "1803873821184000"]
[EventDate "2022.07.12"]
[EventType "swiss (blitz)"]
[EventRounds "11"]
[EventCountry "USA"]
[SourceTitle "EXT 2023"]
[Source "ChessBase"]
[SourceDate "2022.10.05"]
[SourceVersion "1"]
[SourceVersionDate "2022.10.05"]
[SourceQuality "1"]

1. d4 Nf6 2. Nf3 g6 3. c3 Bg7 4. Bg5 O-O 5. Nbd2 d6 6. e4 Nc6 7. Be2 h6 8. Bh4 Nh5 9. Bg3 e5 10. dxe5 dxe5 11. Nc4 Nxg3 12. Qxd8 Rxd8 13. hxg3 Be6 14. Ne3 Ne7 15. Bc4 Bd7 16. O-O-O a5 17. Rd2 Bc6 18. Rhd1 Rxd2 19. Nxd2 b5 20. Bd5 Nxd5 21. Nxd5 Bxd5 22. exd5 f5 23. Nb3 Bf8 24. Kc2 Kf7 25. f3 h5 26. Nc1 Kf6 27. Nd3 Bd6 28. b3 e4 29. fxe4 fxe4 30. Rf1+ Kg5 31. Nf4 Rg8 32. c4 bxc4 33. bxc4 Kg4 34. Ne6 Bxg3 35. c5 Rb8 36. Rf7 Rb4 37. Kd2 g5 38. Ke3 Bh2 39. c6 Bg1+ 40. Kd2 Rb2+ 41. Kc3 e3 42. Rf1 Rxg2 43. Nxc7 Bh2 44. Ne6 e2 45. Rb1 Bg3 46. c7 e1=Q+ 47. Rxe1 Bxe1+ 48. Kd4 Rc2 49. d6 Bg3 50. Nc5 Bf2+ 51. Kd3 Rxc5 52. d7 Rxc7 53. d8=Q Bg3 54. Ke4 Rc4+ 55. Kd3 Rf4 56. Qd7+ Kh4 57. Ke3 Bf2+ 58. Ke2 Bd4 59. Qd5 Kg4 60. Qg2+ Kf5 61. Qd5+ Be5 62. Qd7+ Kf6 63. Qd8+ Kg6 64. Qe8+ Kf5 65. Qxh5 Re4+ 66. Kd3 Rd4+ 67. Ke3 Re4+ 68. Kd3 Rd4+ 69. Ke2 Rh4 70. Qf7+ Ke4 71. Qb7+ Kf4 72. Qf7+ Ke4 73. Qc4+ Kf5 74. Qc8+ Kf4 75. Qf8+ Ke4 76. Qe7 Rh2+ 77. Kf1 g4 78. Qb7+ Kf4 79. Qf7+ Kg3 80. Qd5 Bf4 81. Qd3+ Kh4 82. Qh7+ Kg3 83. Qd3+ Kh4 84. Qh7+ Kg5 85. Qg7+ Kf5 86. Qf7+ Ke5 87. Qe7+ Kf5 88. Qf7+ Ke4 89. Qc4+ Ke3 90. Qc3+ Ke4 91. Qc4+ Kf3 92. Qd3+ Be3 93. Qf5+ Kg3 94. Qe5+ Bf4 95. Qc3+ Kh4 96. Qh8+ Kg5 97. Qg7+ Kf5 98. Qf7+ 1/2-1/2

[Event "Titled Tuesday intern op 12th Jul Late"]
[Site "Chess.com INT"]
[Date "2022.07.12"]
[Round "6"]
[White "Hansen, Eric"]
[Black "Aldokhin, Ivan"]
[Result "1-0"]
[WhiteElo "2606"]
[BlackElo "2413"]
[PlyCount "85"]
[GameId "1803873821442048"]
[EventDate "2022.07.12"]
[EventType "swiss (blitz)"]
[EventRounds "11"]
[EventCountry "USA"]
[SourceTitle "EXT 2023"]
[Source "ChessBase"]
[SourceDate "2022.10.05"]
[SourceVersion "1"]
[SourceVersionDate "2022.10.05"]
[SourceQuality "1"]

1. e4 c5 2. Nf3 e6 3. d4 cxd4 4. Nxd4 Nc6 5. Nc3 Qc7 6. Be3 a6 7. Qd2 Nf6 8. O-O-O Be7 9. f3 O-O 10. Kb1 b5 11. Nxc6 dxc6 12. Qf2 e5 13. g4 Be6 14. g5 Nh5 15. Qh4 Nf4 16. Bxf4 exf4 17. Bh3 Bxh3 18. Qxh3 Bxg5 19. Ne2 Qe5 20. Nd4 Bf6 21. c3 Rac8 22. Rhg1 b4 23. Nf5 Kh8 24. Nd6 Rb8 25. Nc4 Qc5 26. e5 Bxe5 27. Qf5 Qxc4 28. Qxe5 f6 29. Qc7 Rg8 30. Rxg7 Rxg7 31. Qxb8+ Rg8 32. Qd6 Qf7 33. cxb4 Rg2 34. Qd8+ Rg8 35. Qd4 Qg6+ 36. Ka1 Qg5 37. a4 Re8 38. Qc4 Qe5 39. Qxc6 Rb8 40. Rd5 Qe1+ 41. Ka2 Qxb4 42. Qxf6+ Kg8 43. Rg5# 1-0

[Event "Titled Tuesday intern op 12th Jul Late"]
[Site "Chess.com INT"]
[Date "2022.07.12"]
[Round "9"]
[White "Hansen, Eric"]
[Black "Terry, Renato"]
[Result "0-1"]
[WhiteElo "2606"]
[BlackElo "2502"]
[PlyCount "82"]
[GameId "1803873822728192"]
[EventDate "2022.07.12"]
[EventType "swiss (blitz)"]
[EventRounds "11"]
[EventCountry "USA"]
[SourceTitle "EXT 2023"]
[Source "ChessBase"]
[SourceDate "2022.10.05"]
[SourceVersion "1"]
[SourceVersionDate "2022.10.05"]
[SourceQuality "1"]

1. e4 e6 2. d4 d5 3. Nd2 Be7 4. Ngf3 Nf6 5. Bd3 c5 6. exd5 Qxd5 7. dxc5 Qxc5 8. a3 Qc7 9. b4 a5 10. Bb2 Nbd7 11. O-O axb4 12. axb4 Rxa1 13. Qxa1 Bxb4 14. Ne4 Be7 15. Ne5 Nxe4 16. Bxe4 Nc5 17. Bf3 f6 18. Nc4 O-O 19. Qa2 Kh8 20. Ne3 Bd7 21. Bd4 Bc6 22. Be2 e5 23. Ba1 Rd8 24. c4 Ne6 25. Bg4 Nd4 26. Bc3 Bc5 27. Rb1 b6 28. h3 Qf7 29. Bb4 f5 30. Bxc5 bxc5 31. Qa5 Re8 32. Bd1 f4 33. Nd5 Bxd5 34. cxd5 Qxd5 35. Qc7 f3 36. Ba4 Rg8 37. g3 Qe4 38. Ra1 Ne2+ 39. Kf1 Nxg3+ 40. Kg1 Ne2+ 41. Kf1 Qg6 0-1

[Event "Chess.com Rapid Wk21 Swiss"]
[Site "Chess.com INT"]
[Date "2022.07.16"]
[Round "1"]
[White "Hansen, Eric"]
[Black "Gareyev, Timur"]
[Result "1-0"]
[WhiteElo "2606"]
[BlackElo "2597"]
[PlyCount "127"]
[GameId "1803873823670272"]
[EventDate "2022.07.16"]
[EventType "swiss (rapid)"]
[EventRounds "9"]
[EventCountry "USA"]
[SourceTitle "CBM 209 Extra"]
[Source "ChessBase"]
[SourceDate "2022.09.30"]
[SourceVersion "1"]
[SourceVersionDate "2022.09.30"]
[SourceQuality "1"]

1. Nf3 d6 2. d4 Bf5 3. g3 Nf6 4. Nc3 c6 5. Nh4 Bc8 6. e4 e5 7. dxe5 dxe5 8. Qxd8+ Kxd8 9. f3 Be6 10. Be3 Nbd7 11. O-O-O Kc7 12. b3 Bc5 13. Bxc5 Nxc5 14. Ng2 Rad8 15. Ne3 b5 16. h4 Rxd1+ 17. Ncxd1 a5 18. Nf2 g6 19. Bh3 Nh5 20. Rg1 f6 21. Bg4 Ng7 22. Bxe6 Ngxe6 23. c3 Rf8 24. Kc2 f5 25. exf5 gxf5 26. Nd3 Nxd3 27. Kxd3 e4+ 28. fxe4 Rd8+ 29. Ke2 fxe4 30. Rd1 Rg8 31. Nf1 h5 32. Ke3 Rg4 33. Rd2 a4 34. bxa4 bxa4 35. Rf2 Kb6 36. Rf5 Nc7 37. c4 Na6 38. a3 Rg8 39. Rxh5 Nc5 40. Rf5 Rd8 41. h5 Rd3+ 42. Ke2 Ne6 43. Kf2 Ng7 44. Re5 Nxh5 45. Rxh5 Rxa3 46. Ke2 Rc3 47. Rh8 Rxc4 48. g4 Rc2+ 49. Nd2 a3 50. Ra8 a2 51. Ke3 Kb7 52. Ra4 c5 53. Nxe4 Kc6 54. Kd3 Rg2 55. Ra6+ Kd5 56. Nc3+ Ke5 57. Nxa2 Rg3+ 58. Kc4 Rxg4+ 59. Kxc5 Rg5 60. Nb4 Kf4+ 61. Kc4 Kg3 62. Nd3 Rg4+ 63. Kc3 Kf3 64. Ne5+ 1-0

[Event "Chess.com Rapid Wk21 Swiss"]
[Site "Chess.com INT"]
[Date "2022.07.16"]
[Round "2"]
[White "Hansen, Eric"]
[Black "So, Wesley"]
[Result "0-1"]
[WhiteElo "2606"]
[BlackElo "2773"]
[PlyCount "90"]
[GameId "1803873823744000"]
[EventDate "2022.07.16"]
[EventType "swiss (rapid)"]
[EventRounds "9"]
[EventCountry "USA"]
[SourceTitle "CBM 209 Extra"]
[Source "ChessBase"]
[SourceDate "2022.09.30"]
[SourceVersion "1"]
[SourceVersionDate "2022.09.30"]
[SourceQuality "1"]

1. e4 c5 2. Nf3 d6 3. d4 cxd4 4. Nxd4 Nf6 5. Nc3 a6 6. Be2 e5 7. Nb3 Be7 8. g4 h6 9. Be3 Be6 10. Nd5 Bxd5 11. exd5 Nbd7 12. c4 a5 13. h4 Ne4 14. Qc2 a4 15. Qxe4 axb3 16. a3 Bxh4 17. Qd3 Bg5 18. Qxb3 Qa5+ 19. Kf1 Nc5 20. Qc2 Bxe3 21. fxe3 Qd8 22. b4 Nd7 23. Qf5 g6 24. Qf2 Kf8 25. a4 Qb6 26. Bd3 Kg7 27. Qd2 Nf6 28. a5 Qc7 29. Rg1 b6 30. a6 b5 31. cxb5 Nxd5 32. Rc1 Qd7 33. Rc6 Ne7 34. Rb6 Rab8 35. Rxb8 Rxb8 36. Qa2 Qa7 37. Ke2 Rc8 38. Rf1 d5 39. Qa5 Qd7 40. Qa1 Qxg4+ 41. Kd2 Qxb4+ 42. Ke2 Qg4+ 43. Kd2 d4 44. exd4 Nd5 45. dxe5 Qg5+ 0-1

[Event "Chess.com Rapid Wk21 Swiss"]
[Site "Chess.com INT"]
[Date "2022.07.16"]
[Round "3"]
[White "Zubarev, Alexander2"]
[Black "Hansen, Eric"]
[Result "0-1"]
[WhiteElo "2372"]
[BlackElo "2606"]
[PlyCount "82"]
[GameId "1803873823817728"]
[EventDate "2022.07.16"]
[EventType "swiss (rapid)"]
[EventRounds "9"]
[EventCountry "USA"]
[SourceTitle "CBM 209 Extra"]
[Source "ChessBase"]
[SourceDate "2022.09.30"]
[SourceVersion "1"]
[SourceVersionDate "2022.09.30"]
[SourceQuality "1"]

1. e4 c5 2. Nc3 Nc6 3. f4 g6 4. Nf3 Bg7 5. Bb5 Nd4 6. Bc4 e6 7. d3 Ne7 8. Nxd4 cxd4 9. Ne2 d5 10. Bb5+ Kf8 11. Bd2 a6 12. Ba4 b5 13. Bb3 dxe4 14. dxe4 Bb7 15. Ng3 d3 16. c3 Nc6 17. O-O Na5 18. f5 Nxb3 19. axb3 Kg8 20. Qf3 exf5 21. Qf2 h5 22. exf5 Qd5 23. Rae1 h4 24. Ne4 Rh5 25. fxg6 fxg6 26. c4 Qd4 27. Bc3 Qxf2+ 28. Rxf2 Rd8 29. Bxg7 Kxg7 30. Nd2 Rd7 31. Re3 Rf5 32. Rxf5 gxf5 33. c5 Kf6 34. Kf2 a5 35. g3 hxg3+ 36. Rxg3 Rd5 37. Rh3 Rxc5 38. Rxd3 Rc2 39. Ke2 Rxb2 40. Rd6+ Kg5 41. Rb6 Bc8 0-1

[Event "Chess.com Rapid Wk21 Swiss"]
[Site "Chess.com INT"]
[Date "2022.07.16"]
[Round "5"]
[White "Tabatabaei, Mohammad Amin"]
[Black "Hansen, Eric"]
[Result "1-0"]
[WhiteElo "2664"]
[BlackElo "2606"]
[PlyCount "135"]
[GameId "1803873824051200"]
[EventDate "2022.07.16"]
[EventType "swiss (rapid)"]
[EventRounds "9"]
[EventCountry "USA"]
[SourceTitle "CBM 209 Extra"]
[Source "ChessBase"]
[SourceDate "2022.09.30"]
[SourceVersion "1"]
[SourceVersionDate "2022.09.30"]
[SourceQuality "1"]

1. d4 Nf6 2. c4 e6 3. Nc3 Bb4 4. e3 O-O 5. Bd2 c5 6. a3 Bxc3 7. Bxc3 Ne4 8. Ne2 d6 9. Qd3 Nxc3 10. Nxc3 Nc6 11. dxc5 dxc5 12. O-O-O Qe7 13. Be2 b6 14. Qd6 Qxd6 15. Rxd6 Ne7 16. Bf3 Rb8 17. Rhd1 Nf5 18. Rd8 Nh4 19. Bc6 Ba6 20. Rxb8 Rxb8 21. Nb5 Ng6 22. Rd7 Ne5 23. Rxa7 Nxc6 24. Rxa6 Kf8 25. Nc3 Ne5 26. Na4 Nxc4 27. Kc2 Ke7 28. Kc3 Nd6 29. Rxb6 Ne4+ 30. Kc4 Rc8 31. f3 Nd6+ 32. Kc3 f5 33. Kc2 g5 34. Nc3 Nc4 35. Rb7+ Kf6 36. Kd3 Ne5+ 37. Ke2 h5 38. a4 Rd8 39. Rb5 c4 40. a5 Ra8 41. Rc5 Nd7 42. Rc7 Ne5 43. f4 gxf4 44. exf4 Ng6 45. Rxc4 Rxa5 46. g3 h4 47. Ra4 Rxa4 48. Nxa4 hxg3 49. hxg3 e5 50. Ke3 Ke6 51. Nc3 exf4+ 52. gxf4 Kd6 53. Ne2 Kd5 54. Kd3 Kc5 55. Kc3 Ne7 56. b4+ Kd5 57. Kd3 Kd6 58. Kd4 Nd5 59. Kc4 Ne3+ 60. Kb5 Nd5 61. Ka5 Kc6 62. Nd4+ Kc7 63. Ne2 Kc6 64. Ka4 Kb6 65. Kb3 Ne3 66. Kc3 Kc6 67. Kd4 Nc2+ 68. Kc4 1-0

[Event "Chess.com Rapid Wk21 Swiss"]
[Site "Chess.com INT"]
[Date "2022.07.16"]
[Round "6"]
[White "Suleymanli, Aydin Elshan"]
[Black "Hansen, Eric"]
[Result "0-1"]
[WhiteElo "2541"]
[BlackElo "2606"]
[PlyCount "82"]
[GameId "1803873824112640"]
[EventDate "2022.07.16"]
[EventType "swiss (rapid)"]
[EventRounds "9"]
[EventCountry "USA"]
[SourceTitle "CBM 209 Extra"]
[Source "ChessBase"]
[SourceDate "2022.09.30"]
[SourceVersion "1"]
[SourceVersionDate "2022.09.30"]
[SourceQuality "1"]

1. d4 Nf6 2. c4 e6 3. Nf3 b6 4. g3 Bb4+ 5. Bd2 Be7 6. Bg2 c6 7. O-O d5 8. cxd5 cxd5 9. Nc3 O-O 10. Ne5 Bb7 11. Rc1 Nfd7 12. f4 Nxe5 13. fxe5 Nc6 14. e3 Rc8 15. Qg4 Bg5 16. h4 Bh6 17. Rf6 Kh8 18. Rxh6 gxh6 19. Rf1 f5 20. Qh5 Rg8 21. Qxh6 Rg6 22. Qf4 Qg8 23. Kh2 Ba6 24. Rg1 Nb4 25. Qf3 Bd3 26. Qf2 Be4 27. Bh3 Nd3 28. Qf1 Nxb2 29. Qb5 Nc4 30. Nxe4 fxe4 31. Bc1 Rf8 32. Rg2 Rf1 33. Ba3 Nxe3 34. Be7 Qf7 35. h5 Rh6 36. Qd7 Rxh5 37. Qd8+ Kg7 38. Bf6+ Rxf6 39. exf6+ Qxf6 40. Qxf6+ Kxf6 41. Rb2 Ke7 0-1

[Event "Chess.com Rapid Wk21 Swiss"]
[Site "Chess.com INT"]
[Date "2022.07.16"]
[Round "9"]
[White "Ter Sahakyan, Samvel"]
[Black "Hansen, Eric"]
[Result "0-1"]
[WhiteElo "2625"]
[BlackElo "2606"]
[PlyCount "74"]
[GameId "1803873824342016"]
[EventDate "2022.07.16"]
[EventType "swiss (rapid)"]
[EventRounds "9"]
[EventCountry "USA"]
[SourceTitle "CBM 209 Extra"]
[Source "ChessBase"]
[SourceDate "2022.09.30"]
[SourceVersion "1"]
[SourceVersionDate "2022.09.30"]
[SourceQuality "1"]

1. d4 Nf6 2. c4 e6 3. Nf3 b6 4. a3 Bb7 5. Bf4 d5 6. cxd5 Nxd5 7. Bg3 Nd7 8. Qc2 c5 9. e4 N5f6 10. Nc3 a6 11. Rd1 cxd4 12. Nxd4 Rc8 13. f3 b5 14. Be2 Bc5 15. Nb3 Ba7 16. Qd2 O-O 17. Bf2 Bxf2+ 18. Kxf2 Rc7 19. Qe3 Qb8 20. Rc1 Ne5 21. Rhd1 h6 22. Kg1 Rfc8 23. Qb6 Ned7 24. Qe3 Ne5 25. Qb6 Nfd7 26. Qe3 Ba8 27. Nd4 Nb6 28. Qf2 Bc6 29. Nc2 Be8 30. Nb4 Qb7 31. Bf1 a5 32. Nba2 Nbc4 33. Nb1 b4 34. axb4 axb4 35. b3 Na3 36. Rxc7 Rxc7 37. Qd4 Rd7 0-1

[Event "Titled Tuesday intern op 19th Jul Early"]
[Site "Chess.com INT"]
[Date "2022.07.19"]
[Round "3"]
[White "Aldokhin, Ivan"]
[Black "Hansen, Eric"]
[Result "1-0"]
[WhiteElo "2413"]
[BlackElo "2606"]
[PlyCount "67"]
[GameId "1806437908402176"]
[EventDate "2022.07.19"]
[EventType "swiss (blitz)"]
[EventRounds "11"]
[EventCountry "USA"]
[SourceTitle "EXT 2023"]
[Source "ChessBase"]
[SourceDate "2022.10.05"]
[SourceVersion "1"]
[SourceVersionDate "2022.10.05"]
[SourceQuality "1"]

1. e4 c5 2. Nf3 e6 3. d4 cxd4 4. Nxd4 a6 5. Nc3 Qc7 6. Bd3 Nf6 7. Qe2 d6 8. Bd2 b5 9. a4 b4 10. Na2 Bb7 11. O-O d5 12. exd5 Nxd5 13. c4 bxc3 14. Nxc3 Nxc3 15. Bxc3 Bd5 16. Be4 Qb7 17. Bxd5 Qxd5 18. Rad1 Nd7 19. Rfe1 O-O-O 20. Qxa6+ Qb7 21. Qc4+ Qc7 22. Qxc7+ Kxc7 23. Ba5+ Kc8 24. Bxd8 Kxd8 25. a5 Bc5 26. b4 Bxd4 27. Rxd4 Ke7 28. Rc1 e5 29. Rd2 Nf6 30. Rc7+ Ke6 31. Rc6+ Kf5 32. a6 Rb8 33. f3 Rxb4 34. Ra2 1-0

[Event "Titled Tuesday intern op 19th Jul Early"]
[Site "Chess.com INT"]
[Date "2022.07.19"]
[Round "8"]
[White "Matinian, Nikita"]
[Black "Hansen, Eric"]
[Result "0-1"]
[WhiteElo "2435"]
[BlackElo "2606"]
[PlyCount "66"]
[GameId "1806437910990848"]
[EventDate "2022.07.19"]
[EventType "swiss (blitz)"]
[EventRounds "11"]
[EventCountry "USA"]
[SourceTitle "EXT 2023"]
[Source "ChessBase"]
[SourceDate "2022.10.05"]
[SourceVersion "1"]
[SourceVersionDate "2022.10.05"]
[SourceQuality "1"]

1. e4 c5 2. Nc3 e6 3. d4 cxd4 4. Qxd4 Nc6 5. Qd2 Nf6 6. Bd3 d5 7. exd5 exd5 8. Nf3 Bg4 9. Qe2+ Be7 10. Bb5 O-O 11. Bxc6 bxc6 12. O-O Re8 13. Qd3 Nd7 14. Na4 Bd6 15. b3 Qf6 16. Bb2 Qf4 17. Qd4 f6 18. Qxf4 Bxf4 19. Rfe1 Bxf3 20. gxf3 Ne5 21. Kg2 Ng6 22. Kh3 Bd2 23. Rxe8+ Rxe8 24. Rd1 Re2 25. Bd4 a5 26. c4 dxc4 27. bxc4 Bb4 28. Bb2 Rxf2 29. Kg3 Rc2 30. Rd8+ Kf7 31. a3 Be7 32. Rd7 Ke6 33. Rd8 Bxd8 0-1